Pokémon on B - Statistics

General Stats
  • This quiz has been taken 9 times
  • The average score is 21 of 55
Answer Stats
Picture Answer % Correct
Beedrill
83%
Bulbasaur
83%
Bagon
67%
Baltoy
67%
Banette
67%
Barboach
67%
Beartic
67%
Beautifly
67%
Bellsprout
67%
Blastoise
67%
Blaziken
67%
Bonsly
67%
Bronzong
67%
Budew
67%
Butterfree
67%
Bastiodon
50%
Bayleef
50%
Bellossom
50%
Bibarel
50%
Bidoof
50%
Blissey
50%
Boldore
50%
Bouffalant
50%
Braviary
50%
Bronzor
50%
Buizel
50%
Buneary
50%
Burmy
50%
Beldum
33%
Bewear
33%
Bisharp
33%
Blitzle
33%
Bruxish
33%
Buzzwole
33%
Barbaracle
17%
Barraskewda
17%
Basculegion
17%
Basculin
17%
Baxcalibur
17%
Beheeyem
17%
Bergmite
17%
Blacephalon
17%
Blipbug
17%
Breloom
17%
Brionne
17%
Bunnelby
17%
Bellibolt
0%
Binacle
0%
Boltund
0%
Bombirdier
0%
Bounsweet
0%
Braixen
0%
Brambleghast
0%
Bramblin
0%
Brute Bonnet
0%
No matching quizzes found
Score Distribution
Percent of People with Each Score
Percentile by Number Answered
Your Score History
You have not taken this quiz